00588nam a2200205 a 4500001001300000003000900013005001700022008004100039020002300080082001600103100002200119245007900141260002600220300000900246500003500255505003000290650001800320700002100338700002300359nice12345678IN_TiNIC20260116013825.0050524s1991 leia grp 000 0 eng  a9004083 c10000a962.03bDAM aDamurdashi, Ahmad aAl-Damurdashi`s Chronicle of Egypt, 1688-1755 Al-Durra Al-Musana Fi Akhbar aLeiden bBrill c1991 a424p aincludes index and biblioraphy2 aBibliography, Maps, Index aIslam-History1 aDaniel Crecelius1 aAbd Al Wahhab Bakr